[Event "RM-2023-0-00282"]
[Site "LSS email"]
[Date "2023.04.09"]
[Round "?"]
[White "Canizares Cuadra, Pedro"]
[Black "Baltar, Antoni"]
[Result "1/2-1/2"]
[WhiteElo "2351"]
[BlackElo "2242"]
[PlyCount "72"]
[EventDate "2023.02.05"]
[EventType "tourn (corr)"]
[EventRounds "6"]
[EventCountry "GER"]
[SourceTitle "Corr 2024"]
[Source "ChessBase"]
[SourceDate "2023.10.19"]
[SourceVersion "1"]
[SourceVersionDate "2023.10.19"]
[SourceQuality "1"]

1. e4 e5 2. f4 exf4 3. Nf3 g5 4. h4 g4 5. Ne5 Nf6 6. Nxg4 Nc6 7. Nc3 d6 8. Nxf6+ Qxf6 9. d3 Be6 10. Nd5 Bxd5 11. exd5 Qe5+ 12. Kf2 Qd4+ 13. Ke1 Qxd5 14. Bxf4 Qe6+ 15. Qe2 Nd4 16. Qxe6+ fxe6 17. Kd2 Rg8 18. Re1 Kd7 19. Kd1 d5 20. g3 Bd6 21. Bh3 Bxf4 22. gxf4 Raf8 23. Re5 Rxf4 24. Rxd5+ Ke7 25. Rh5 Rf2 26. Rxh7+ Kd6 27. Rh6 c6 28. h5 Rg5 29. Re1 Kc7 30. Rg6 Rxh5 31. Rg2 Rxg2 32. Bxg2 Rh2 33. Re4 e5 34. Rg4 Kb6 35. c3 Ne6 36. Kc1 Nc5 1/2-1/2

[Event "RM-2023-0-00282"]
[Site "LSS email"]
[Date "2023.04.09"]
[Round "?"]
[White "Nichols, Scott"]
[Black "Canizares Cuadra, Pedro"]
[Result "1/2-1/2"]
[WhiteElo "2305"]
[BlackElo "2351"]
[PlyCount "71"]
[EventDate "2023.02.05"]
[EventType "tourn (corr)"]
[EventRounds "6"]
[EventCountry "GER"]
[SourceTitle "Corr 2024"]
[Source "ChessBase"]
[SourceDate "2023.10.19"]
[SourceVersion "1"]
[SourceVersionDate "2023.10.19"]
[SourceQuality "1"]

1. e4 c5 2. Nc3 Nc6 3. Nf3 g6 4. d4 cxd4 5. Nxd4 Bg7 6. Be3 Nf6 7. Bc4 0-0 8. Bb3 d6 9. f3 Bd7 10. h4 h5 11. Qd2 Rc8 12. 0-0-0 Ne5 13. Bg5 Re8 14. Rhf1 Nc4 15. Qe2 Na5 16. Kb1 a6 17. Qd3 Nh7 18. Be3 Nf6 19. Rg1 Nxb3 20. axb3 b5 21. Nd5 Nxd5 22. exd5 Bxd4 23. Qxd4 Bf5 24. Rd2 Qc7 25. Rc1 e5 26. dxe6 Rxe6 27. g4 hxg4 28. fxg4 Re4 29. gxf5 Rxd4 30. Bxd4 Qe7 31. fxg6 fxg6 32. Bc3 a5 33. Rg2 Qh7 34. Rf1 b4 35. Bd4 Rf8 36. Rfg1 1/2-1/2

[Event "ST-2022-0-00223"]
[Site "LSS email"]
[Date "2022.10.27"]
[Round "?"]
[White "Canizares Cuadra, Pedro"]
[Black "Szczepanski, Zbigniew"]
[Result "1/2-1/2"]
[WhiteElo "2366"]
[BlackElo "2398"]
[PlyCount "64"]
[EventDate "2022.04.24"]
[EventType "tourn (corr)"]
[EventRounds "6"]
[EventCountry "GER"]
[SourceTitle "Corr 2024"]
[Source "ChessBase"]
[SourceDate "2023.10.19"]
[SourceVersion "1"]
[SourceVersionDate "2023.10.19"]
[SourceQuality "1"]

1. e4 e5 2. Nf3 Nc6 3. Bb5 Nf6 4. d3 Bc5 5. c3 0-0 6. 0-0 d5 7. exd5 Qxd5 8. Bc4 Qd8 9. b4 Be7 10. Qc2 Bf5 11. Nh4 Bd7 12. a4 e4 13. dxe4 Nxe4 14. Nf3 Nd6 15. Bd3 Bf6 16. Bb2 g6 17. Nbd2 Re8 18. h3 Bg7 19. Rae1 Qf6 20. b5 Na5 21. Rxe8+ Rxe8 22. Ba3 b6 23. c4 c5 24. bxc6 Nxc6 25. c5 bxc5 26. Qxc5 Bf8 27. Rb1 Nf5 28. Ne4 Qd8 29. Qc1 Bg7 30. Qc5 Bf8 31. Qc1 Bg7 32. Qc5 Bf8 1/2-1/2

[Event "ST-2022-0-00221"]
[Site "LSS email"]
[Date "2022.07.23"]
[Round "?"]
[White "Canizares Cuadra, Pedro"]
[Black "Corti, Horacio"]
[Result "1-0"]
[WhiteElo "2354"]
[BlackElo "2373"]
[PlyCount "41"]
[EventDate "2022.04.07"]
[EventType "tourn (corr)"]
[EventRounds "6"]
[EventCountry "GER"]
[SourceTitle "Corr 2024"]
[Source "ChessBase"]
[SourceDate "2023.10.19"]
[SourceVersion "1"]
[SourceVersionDate "2023.10.19"]
[SourceQuality "1"]

1. e4 c5 2. Nf3 d6 3. d4 cxd4 4. Nxd4 Nf6 5. Nc3 a6 6. Bg5 e6 7. f4 Qb6 8. Qd2 Qxb2 9. Rb1 Qa3 10. f5 Be7 11. fxe6 Bxe6 12. Nxe6 fxe6 13. Bc4 Nbd7 14. Bxe6 Nc5 15. Bf5 g6 16. Bh3 Nfxe4 17. Nxe4 Nxe4 18. Qd4 Qa5+ 19. Rb4 Bxg5 20. Qxh8+ Kf7 21. 0-0+ 1-0

[Event "ST-2022-0-00221"]
[Site "LSS email"]
[Date "2022.07.23"]
[Round "?"]
[White "Canizares Cuadra, Pedro"]
[Black "Podvoysky, Evgeny"]
[Result "1/2-1/2"]
[WhiteElo "2354"]
[BlackElo "2310"]
[PlyCount "78"]
[EventDate "2022.04.07"]
[EventType "tourn (corr)"]
[EventRounds "6"]
[EventCountry "GER"]
[SourceTitle "Corr 2024"]
[Source "ChessBase"]
[SourceDate "2023.10.19"]
[SourceVersion "1"]
[SourceVersionDate "2023.10.19"]
[SourceQuality "1"]

1. e4 c5 2. Nf3 d6 3. d4 cxd4 4. Nxd4 Nf6 5. Nc3 a6 6. Bg5 e6 7. f4 h6 8. Bh4 Qb6 9. a3 Nbd7 10. Bf2 Qc7 11. Qe2 b5 12. 0-0-0 Bb7 13. g3 Be7 14. Bg2 Rb8 15. Rhg1 Nb6 16. g4 Nc4 17. g5 hxg5 18. fxg5 Nh5 19. g6 Bf6 20. Bf1 Bc8 21. gxf7+ Kxf7 22. Qf3 Ne5 23. Qe3 Bd7 24. Be2 Kg8 25. h4 Qb7 26. Kb1 Nc4 27. Bxc4 bxc4 28. Qc1 Be5 29. Nde2 Nf4 30. Bd4 Be8 31. Bxe5 dxe5 32. Rg5 Rxh4 33. Rdg1 Rh7 34. Rxe5 Nh3 35. Rf1 Qb6 36. Ng1 Qd6 37. Ra5 Qb6 38. Re5 Qd6 39. Ra5 Qb6 1/2-1/2

[Event "RM-2022-0-00258"]
[Site "LSS email"]
[Date "2022.02.08"]
[Round "?"]
[White "Canizares Cuadra, Pedro"]
[Black "Koch, Christian"]
[Result "1/2-1/2"]
[WhiteElo "2354"]
[BlackElo "2366"]
[PlyCount "44"]
[EventDate "2022.01.24"]
[EventType "tourn (corr)"]
[EventRounds "6"]
[EventCountry "GER"]
[SourceTitle "Corr 2024"]
[Source "ChessBase"]
[SourceDate "2023.10.19"]
[SourceVersion "1"]
[SourceVersionDate "2023.10.19"]
[SourceQuality "1"]

1. e4 c5 2. Nf3 d6 3. d4 cxd4 4. Nxd4 Nf6 5. Nc3 a6 6. Be3 e5 7. Nb3 Be6 8. f3 h5 9. Qd2 Nbd7 10. Nd5 Bxd5 11. exd5 g6 12. Be2 Bg7 13. 0-0 b6 14. c4 a5 15. Rae1 0-0 16. Bg5 Qc7 17. Na1 Rfc8 18. Be3 Qb7 19. Nc2 b5 20. Na3 bxc4 21. Nxc4 Qxd5 22. Nxd6 Rc6 1/2-1/2

[Event "RM-2022-0-00258"]
[Site "LSS email"]
[Date "2022.02.08"]
[Round "?"]
[White "Canizares Cuadra, Pedro"]
[Black "Ozen, Bahadir"]
[Result "1/2-1/2"]
[WhiteElo "2354"]
[BlackElo "2319"]
[PlyCount "42"]
[EventDate "2022.01.24"]
[EventType "tourn (corr)"]
[EventRounds "6"]
[EventCountry "GER"]
[SourceTitle "Corr 2024"]
[Source "ChessBase"]
[SourceDate "2023.10.19"]
[SourceVersion "1"]
[SourceVersionDate "2023.10.19"]
[SourceQuality "1"]

1. e4 e5 2. Nf3 Nc6 3. d4 exd4 4. Bc4 Nf6 5. e5 d5 6. Bb5 Ne4 7. Nxd4 Bc5 8. Be3 0-0 9. Nxc6 bxc6 10. Bxc5 Nxc5 11. Bxc6 Rb8 12. Qxd5 Qe7 13. 0-0 Rxb2 14. Nc3 Rd8 15. Qf3 Ne6 16. Be4 Ng5 17. Qg3 Nxe4 18. Nxe4 Rxc2 19. Nf6+ Kh8 20. Nh5 Rg8 21. h3 h6 1/2-1/2

[Event "ST-2021-0-00192"]
[Site "LSS email"]
[Date "2021.06.16"]
[Round "?"]
[White "Canizares Cuadra, Pedro"]
[Black "Szabo, Vilmos"]
[Result "1/2-1/2"]
[WhiteElo "2356"]
[BlackElo "2417"]
[PlyCount "27"]
[EventDate "2021.05.10"]
[EventType "tourn (corr)"]
[EventRounds "6"]
[EventCountry "GER"]
[SourceTitle "Corr 2024"]
[Source "ChessBase"]
[SourceDate "2023.10.19"]
[SourceVersion "1"]
[SourceVersionDate "2023.10.19"]
[SourceQuality "1"]

1. e4 e5 2. Nf3 Nc6 3. d4 exd4 4. Bc4 Bb4+ 5. c3 dxc3 6. 0-0 Nf6 7. e5 d5 8. exf6 dxc4 9. Qxd8+ Kxd8 10. fxg7 Rg8 11. Bg5+ Be7 12. Nxc3 Bxg5 13. Nxg5 Rxg7 14. f4 1/2-1/2

[Event "ST-2021-0-00192"]
[Site "LSS email"]
[Date "2021.06.16"]
[Round "?"]
[White "Szczepanski, Zbigniew"]
[Black "Canizares Cuadra, Pedro"]
[Result "1/2-1/2"]
[WhiteElo "2411"]
[BlackElo "2356"]
[PlyCount "38"]
[EventDate "2021.05.10"]
[EventType "tourn (corr)"]
[EventRounds "6"]
[EventCountry "GER"]
[SourceTitle "Corr 2024"]
[Source "ChessBase"]
[SourceDate "2023.10.19"]
[SourceVersion "1"]
[SourceVersionDate "2023.10.19"]
[SourceQuality "1"]

1. c4 c6 2. Nf3 Nf6 3. e3 d5 4. d4 e6 5. b3 Nbd7 6. Bb2 b6 7. Bd3 Bb7 8. 0-0 Bd6 9. Nc3 0-0 10. Qc2 c5 11. cxd5 exd5 12. Bf5 Re8 13. Rfd1 g6 14. Bh3 h5 15. Qe2 a6 16. Rac1 Rc8 17. Ba1 Ng4 18. dxc5 Rxc5 19. g3 Bf8 1/2-1/2

[Event "RM-2021-0-00242"]
[Site "LSS email"]
[Date "2021.06.13"]
[Round "?"]
[White "Nichols, Scott"]
[Black "Canizares Cuadra, Pedro"]
[Result "1/2-1/2"]
[WhiteElo "2329"]
[BlackElo "2356"]
[PlyCount "48"]
[EventDate "2021.03.28"]
[EventType "tourn (corr)"]
[EventRounds "6"]
[EventCountry "GER"]
[SourceTitle "Corr 2024"]
[Source "ChessBase"]
[SourceDate "2023.10.19"]
[SourceVersion "1"]
[SourceVersionDate "2023.10.19"]
[SourceQuality "1"]

1. c4 c5 2. Nf3 Nc6 3. d4 cxd4 4. Nxd4 e6 5. g3 Qb6 6. Nb5 Ne5 7. Bf4 a6 8. Bxe5 axb5 9. Bg2 bxc4 10. 0-0 Nf6 11. Nd2 Qc5 12. Bxf6 gxf6 13. Ne4 Qe5 14. f4 Qa5 15. Nxf6+ Ke7 16. f5 Bg7 17. Ne4 exf5 18. Nc3 d6 19. e4 Bxc3 20. bxc3 fxe4 21. Bxe4 Be6 22. Qf3 Qc5+ 23. Kh1 Kd7 24. Bxb7 Ra5 1/2-1/2

[Event "ST-2021-0-00186"]
[Site "LSS email"]
[Date "2021.03.31"]
[Round "?"]
[White "Canizares Cuadra, Pedro"]
[Black "Koch, Christian"]
[Result "1/2-1/2"]
[WhiteElo "2355"]
[BlackElo "2379"]
[PlyCount "24"]
[EventDate "2021.03.04"]
[EventType "tourn (corr)"]
[EventRounds "6"]
[EventCountry "GER"]
[SourceTitle "Corr 2024"]
[Source "ChessBase"]
[SourceDate "2023.10.19"]
[SourceVersion "1"]
[SourceVersionDate "2023.10.19"]
[SourceQuality "1"]

1. e4 e5 2. Nf3 Nc6 3. d4 exd4 4. Bc4 Bb4+ 5. c3 dxc3 6. 0-0 Nf6 7. e5 d5 8. exf6 dxc4 9. fxg7 Rg8 10. Qxd8+ Kxd8 11. Bg5+ Be7 12. Nxc3 Rxg7 1/2-1/2

[Event "ST-2021-0-00186"]
[Site "LSS email"]
[Date "2021.03.31"]
[Round "?"]
[White "Willmann, Bernd"]
[Black "Canizares Cuadra, Pedro"]
[Result "1/2-1/2"]
[WhiteElo "2358"]
[BlackElo "2355"]
[PlyCount "41"]
[EventDate "2021.03.04"]
[EventType "tourn (corr)"]
[EventRounds "6"]
[EventCountry "GER"]
[SourceTitle "Corr 2024"]
[Source "ChessBase"]
[SourceDate "2023.10.19"]
[SourceVersion "1"]
[SourceVersionDate "2023.10.19"]
[SourceQuality "1"]

1. e4 c5 2. Nf3 d6 3. d4 cxd4 4. Nxd4 Nf6 5. Nc3 a6 6. h3 e5 7. Nde2 h5 8. Be3 Be6 9. Nd5 Bxd5 10. exd5 Nbd7 11. c4 g6 12. Nc3 Bh6 13. Bxh6 Rxh6 14. Bd3 Kf8 15. 0-0 Rh8 16. Re1 Kg7 17. Bf1 Rc8 18. Rc1 Qb6 19. Re3 Rhe8 20. Qd2 Qd8 21. b3 1/2-1/2

[Event "ST-2020-0-00167"]
[Site "LSS email"]
[Date "2020.10.17"]
[Round "?"]
[White "Kahl, Fred"]
[Black "Canizares Cuadra, Pedro"]
[Result "1/2-1/2"]
[WhiteElo "2411"]
[BlackElo "2351"]
[PlyCount "62"]
[EventDate "2020.09.19"]
[EventType "tourn (corr)"]
[EventRounds "6"]
[EventCountry "GER"]
[SourceTitle "Corr 2022"]
[Source "ChessBase"]
[SourceDate "2021.10.24"]
[SourceVersion "1"]
[SourceVersionDate "2021.10.24"]
[SourceQuality "1"]

1. e4 c5 2. Nc3 Nc6 3. f4 g6 4. Nf3 Bg7 5. Bb5 Nd4 6. 0-0 a6 7. Be2 d6 8. d3 Bd7 9. a4 e6 10. e5 Bc6 11. Ne4 Nxf3+ 12. Bxf3 dxe5 13. fxe5 Bxe4 14. Bxe4 Ne7 15. Bxb7 Ra7 16. Qf3 0-0 17. Be4 Bxe5 18. Bh6 Bd4+ 19. Kh1 Bg7 20. Bxg7 Kxg7 21. Qg3 Qc7 22. Qf2 Ng8 23. Ra3 Qe5 24. Rb3 Nf6 25. Bf3 Nd7 26. a5 Rc7 27. h3 Qd6 28. Qh4 Rb8 29. Rxb8 Nxb8 30. Ba8 Nd7 31. Qd8 Ra7 1/2-1/2

[Event "ST-2020-0-00167"]
[Site "LSS email"]
[Date "2020.10.17"]
[Round "?"]
[White "Willmann, Bernd"]
[Black "Canizares Cuadra, Pedro"]
[Result "1/2-1/2"]
[WhiteElo "2376"]
[BlackElo "2351"]
[PlyCount "40"]
[EventDate "2020.09.19"]
[EventType "tourn (corr)"]
[EventRounds "6"]
[EventCountry "GER"]
[SourceTitle "Corr 2022"]
[Source "ChessBase"]
[SourceDate "2021.10.24"]
[SourceVersion "1"]
[SourceVersionDate "2021.10.24"]
[SourceQuality "1"]

1. e4 c5 2. Nf3 d6 3. d4 cxd4 4. Qxd4 Nf6 5. Nc3 a6 6. Be3 Nc6 7. Qd2 e6 8. 0-0-0 Qa5 9. Nd4 Nxd4 10. Bxd4 b5 11. e5 dxe5 12. Bxe5 Be7 13. Kb1 Ra7 14. Qe3 Rd7 15. Rxd7 Bxd7 16. Qa7 Bd8 17. Bd4 Bc6 18. Bd3 0-0 19. a3 Re8 20. Rd1 Bxg2 1/2-1/2

[Event "ST-2020-0-00166"]
[Site "LSS email"]
[Date "2020.09.27"]
[Round "?"]
[White "Canizares Cuadra, Pedro"]
[Black "Wosch, Arkadiusz Janusz"]
[Result "1/2-1/2"]
[WhiteElo "2351"]
[BlackElo "2375"]
[PlyCount "40"]
[EventDate "2020.09.09"]
[EventType "tourn (corr)"]
[EventRounds "6"]
[EventCountry "GER"]
[SourceTitle "Corr 2022"]
[Source "ChessBase"]
[SourceDate "2021.10.24"]
[SourceVersion "1"]
[SourceVersionDate "2021.10.24"]
[SourceQuality "1"]

1. e4 c5 2. Nf3 Nc6 3. Bb5 g6 4. 0-0 Bg7 5. Re1 Nf6 6. Nc3 0-0 7. e5 Ne8 8. Bxc6 dxc6 9. h3 Nc7 10. d3 Ne6 11. a4 a5 12. Be3 Nd4 13. Bf4 Be6 14. Ne4 b6 15. b3 h6 16. Nxd4 cxd4 17. Bg3 Kh7 18. Nd2 Bd5 19. Qg4 c5 20. Bf4 Rc8 1/2-1/2

[Event "ST-2020-0-00156"]
[Site "LSS email"]
[Date "2020.08.06"]
[Round "?"]
[White "Canizares Cuadra, Pedro"]
[Black "Steinke, Ruediger"]
[Result "1/2-1/2"]
[WhiteElo "2349"]
[BlackElo "2350"]
[PlyCount "44"]
[EventDate "2020.07.30"]
[EventType "tourn (corr)"]
[EventRounds "6"]
[EventCountry "GER"]
[SourceTitle "Corr 2024"]
[Source "ChessBase"]
[SourceDate "2023.10.19"]
[SourceVersion "1"]
[SourceVersionDate "2023.10.19"]
[SourceQuality "1"]

1. e4 e5 2. Nf3 Nc6 3. d4 exd4 4. Nxd4 Bc5 5. Be3 Qf6 6. c3 Nge7 7. Bc4 Ne5 8. Be2 Qg6 9. 0-0 d6 10. f3 0-0 11. Nd2 d5 12. Kh1 dxe4 13. fxe4 Bg4 14. Bf4 Bxe2 15. Qxe2 Bd6 16. Rad1 a6 17. h3 Rae8 18. N2b3 f5 19. Nd2 fxe4 20. Nxe4 Nd5 21. Nxd6 Nxf4 22. Rxf4 cxd6 1/2-1/2

[Event "ST-2020-0-00156"]
[Site "LSS email"]
[Date "2020.08.06"]
[Round "?"]
[White "Canizares Cuadra, Pedro"]
[Black "Susla, Vitaliy"]
[Result "1/2-1/2"]
[WhiteElo "2349"]
[BlackElo "2357"]
[PlyCount "79"]
[EventDate "2020.07.30"]
[EventType "tourn (corr)"]
[EventRounds "6"]
[EventCountry "GER"]
[SourceTitle "Corr 2024"]
[Source "ChessBase"]
[SourceDate "2023.10.19"]
[SourceVersion "1"]
[SourceVersionDate "2023.10.19"]
[SourceQuality "1"]

1. e4 c5 2. Nf3 d6 3. d4 cxd4 4. Nxd4 Nf6 5. Nc3 a6 6. Bg5 e6 7. f4 Be7 8. Qf3 Qc7 9. 0-0-0 Nbd7 10. g4 b5 11. Bxf6 Nxf6 12. g5 Nd7 13. f5 Bxg5+ 14. Kb1 Ne5 15. Qh5 h6 16. Nxe6 Bxe6 17. fxe6 g6 18. exf7+ Qxf7 19. Qh3 Rd8 20. Be2 0-0 21. Rhf1 Qc7 22. Nd5 Qc6 23. Qg3 Rc8 24. c3 Rxf1 25. Rxf1 Rf8 26. Rxf8+ Kxf8 27. a3 Kg7 28. h4 Bd8 29. h5 g5 30. Ka1 Qc5 31. Ne3 Bb6 32. Nf5+ Kh7 33. Nd4 Qc7 34. Nf3 Kg7 35. Nxe5 dxe5 36. Bd1 Qe7 37. Bb3 Qe8 38. Qh3 a5 39. Ka2 Kf6 40. Kb1 1/2-1/2

[Event "ST-2020-0-00156"]
[Site "LSS email"]
[Date "2020.08.06"]
[Round "?"]
[White "Szczepanski, Zbigniew"]
[Black "Canizares Cuadra, Pedro"]
[Result "1/2-1/2"]
[WhiteElo "2415"]
[BlackElo "2349"]
[PlyCount "47"]
[EventDate "2020.07.30"]
[EventType "tourn (corr)"]
[EventRounds "6"]
[EventCountry "GER"]
[SourceTitle "Corr 2024"]
[Source "ChessBase"]
[SourceDate "2023.10.19"]
[SourceVersion "1"]
[SourceVersionDate "2023.10.19"]
[SourceQuality "1"]

1. d4 Nf6 2. c4 e6 3. Nf3 b6 4. g3 Ba6 5. Nbd2 Bb7 6. Bg2 Be7 7. b3 c5 8. Bb2 0-0 9. 0-0 Qc7 10. e3 Nc6 11. Re1 Rad8 12. e4 cxd4 13. Nxd4 Nxd4 14. Bxd4 e5 15. Bb2 Bc5 16. Qe2 a5 17. Nb1 d6 18. a3 h5 19. h3 Nh7 20. Bc3 b5 21. b4 axb4 22. axb4 Bb6 23. Nd2 Ra8 24. Rxa8 1/2-1/2

[Event "RM-2020-0-00205"]
[Site "LSS email"]
[Date "2020.04.06"]
[Round "?"]
[White "Canizares Cuadra, Pedro"]
[Black "Bujdak, Pavel"]
[Result "1/2-1/2"]
[WhiteElo "2339"]
[BlackElo "2218"]
[PlyCount "97"]
[EventDate "2020.02.28"]
[EventType "tourn (corr)"]
[EventRounds "6"]
[EventCountry "GER"]
[SourceTitle "Corr 2022"]
[Source "ChessBase"]
[SourceDate "2021.10.24"]
[SourceVersion "1"]
[SourceVersionDate "2021.10.24"]
[SourceQuality "1"]

1. e4 e5 2. Nf3 Nc6 3. Bb5 a6 4. Ba4 Nf6 5. 0-0 Be7 6. Re1 b5 7. Bb3 0-0 8. c3 d5 9. exd5 Nxd5 10. Nxe5 Nxe5 11. Rxe5 c6 12. d4 Bd6 13. Re1 Qh4 14. g3 Qh3 15. Be3 Be6 16. Qf3 a5 17. Qg2 Qf5 18. Bd1 b4 19. c4 Nxe3 20. fxe3 Bxc4 21. Nd2 Bb5 22. Rc1 Rac8 23. Ne4 Bc7 24. Nc5 Rfe8 25. Qf3 Qxf3 26. Bxf3 Re7 27. Bg2 Rd8 28. Bf1 Bxf1 29. Kxf1 Rd6 30. Re2 h5 31. Ke1 f5 32. Kd2 h4 33. Rf2 hxg3 34. hxg3 Rf6 35. Rf3 Kf7 36. Kd3 Ke8 37. Kc4 Bb6 38. Nd3 Bc7 39. Rh1 Kf8 40. Nf4 Kg8 41. Nd3 Rd6 42. Re1 Rd5 43. Nf2 Re8 44. Rh1 Rd6 45. Kd3 c5 46. Rxf5 cxd4 47. exd4 Rde6 48. Nd1 a4 49. b3 1/2-1/2

[Event "RM-2020-0-00205"]
[Site "LSS email"]
[Date "2020.04.06"]
[Round "?"]
[White "Koch, Christian"]
[Black "Canizares Cuadra, Pedro"]
[Result "1/2-1/2"]
[WhiteElo "2317"]
[BlackElo "2339"]
[PlyCount "65"]
[EventDate "2020.02.28"]
[EventType "tourn (corr)"]
[EventRounds "6"]
[EventCountry "GER"]
[SourceTitle "Corr 2022"]
[Source "ChessBase"]
[SourceDate "2021.10.24"]
[SourceVersion "1"]
[SourceVersionDate "2021.10.24"]
[SourceQuality "1"]

1. e4 e5 2. Nf3 Nc6 3. Bb5 a6 4. Ba4 Nf6 5. 0-0 Be7 6. Re1 b5 7. Bb3 0-0 8. c3 d6 9. h3 Na5 10. Bc2 c5 11. d4 Qc7 12. Nbd2 cxd4 13. cxd4 Nc6 14. Nb3 a5 15. Be3 Re8 16. Bd3 a4 17. Nbd2 Bd7 18. Bxb5 Nxd4 19. Rc1 Qb7 20. Bxd7 Nxf3+ 21. Qxf3 Nxd7 22. Rc2 Rac8 23. Nc4 h6 24. Rd1 Qa6 25. Qe2 Rc6 26. b4 Nf6 27. a3 Qb5 28. f3 Rec8 29. Nb2 Qxe2 30. Rxe2 Rc3 31. Ra1 Ra8 32. Bf2 Nh5 33. Nd1 1/2-1/2